Responses for Show #5313 - Wednesday, October 17, 2007

Contestants

[<< previous game]

Shad Small, an office assistant from Lafayette, California

Linda Zell Randall, an attorney from Naples, Florida

Chris Jason, a U.S. Navy flight officer originally from Sarasota, Florida (whose 1-day cash winnings total $11,300)

[next game >>]

Jeopardy! Round responses

PLAYS
SITCOM-EDY TONIGHT
ARE YOU GAME?
FLY ME TO THE MOONS
WHICH TIME ZONE?
"K" MART
    $200 26
Drive

Linda
    $200 19
Two and a Half Men

Shad
    $200 11
a crossword puzzle

Linda
    $200 1
Neptune

Chris
    $200 16
Pacific

Shad
    $200 5
the kneecap

Shad
    $400 27
Gone With The Wind

Linda
    $400 22
Seinfeld

Shad
    $400 12
Scrabble

Shad
    $400 2
Mars

Shad
    $400 17
Central

Linda
    $400 7
kappa

Linda
    $600 28
Vermont

Linda
    $600 23
Will & Grace

Chris
    $600 13
a Rubik's Cube

Shad
    $600 3
Titan

Shad
    $600 18
Mountain

Linda
    $600 8
[Chris was initially ruled correct, but after tape review, it was determined that he had said "Klu Klux Klan". The decision was reversed before the Daily Double.]

Ku Klux Klan

Chris
Triple Stumper
    $800 29
(Shad: Who is O'Neill?)

Thornton Wilder

Shad
Triple Stumper
    $800 24
Bosom Buddies

Triple Stumper
    $800 14
a jigsaw puzzle

Chris
    $800 4
Io

Linda
    $800 20
Pacific

Shad
    $800 9
the Keystone Kops

Triple Stumper
    $1000 30
Clifford Odets

Triple Stumper
    $1000 25
(Leonardo) DiCaprio

Chris
    $400 15
chess

Chris
    $1000 6
Voyager (2)

Linda
    $1000 21
Eastern Time

Linda
    $1000 10
(Linda: Who is Klee?)
...
(Alex: He was in the news a great deal this past year. [*].)

Gustav Klimt

Linda
Triple Stumper

Scores at the first commercial break (after clue 15):

Chris Linda Shad
$800 $1,400 $2,200

Scores at the end of the Jeopardy! Round:

Chris Linda Shad
$2,400 $4,600 $3,000

Double Jeopardy! Round responses

EMPERORS
JAZZ MUSICIANS
ALSO A BIRD
WHAT CAN BROWN DO FOR YOU?
A PIRATE'S LIFE FOR ME
"EYE", MATEY!
    $400 13
Mexico

Linda
    $400 8
Louis Armstrong

Linda
    $400 14
(Linda: What is a birdie?)

an eagle

ChrisLinda
    $400 4
Gordon Brown

Shad
    $400 19
Blackbeard

Shad
    $400 1
My eyes glaze over

Triple Stumper
    $800 16
debt

Triple Stumper
    $800 9
Jimmy Dorsey

Shad
    $800 15
crow

Triple Stumper
    $800 5
John Brown

Shad
    $800 20
the Jolly Roger

Linda
    $800 2
bullseye

Linda
    $1200 17
Holy Roman Emperor

Shad
    $1200 10
(Dave) Brubeck

Linda
    $1200 21
cardinal

Linda
    $1200 6
Jim Brown

Linda
    $1200 26
Shanghai

Linda
    $1200 3
(Clarence) Birdseye

Linda
    $1,800 24
Christianity & Islam

Chris
    $600 11
the double bass

Linda
    $1600 22
grouse

Linda
    $1600 29
Father Brown

Triple Stumper
    $1600 27
Barbary pirates

Linda
    $1600 7
Eye Contact

Shad
    $2000 25
(Shad: What is Napoleon?)

Bonaparte

LindaShad
    $2000 12
Bix

Shad
    $2000 23
to snipe

Chris
    $2000 30
Jimmy Carter

Triple Stumper
    $2000 28
a pegleg (or wooden leg)

Shad
    $2000 18
GoldenEye

Linda

Scores at the end of the Double Jeopardy! Round:

Chris Linda Shad
$6,600 $20,400 $10,200
(lock-tie game)

[wagering suggestions for these scores]

Final Jeopardy! Round responses

THE EARTH
ChrisWhat is the magnetic pole
$6,600
ShadWhat is the North Pole?
$10,200
LindaWhat is the North Pole? Hi Glenn!
$0
the North Pole

Final scores:

Chris Linda Shad
$0 $20,400 $20,400
2nd place: $2,000 New co-champion: $20,400 New co-champion: $20,400

Game dynamics:

Coryat scores:

Chris Linda Shad
$7,000 $21,400 $10,200
8 R
(including 2 DDs),
1 W
24 R
(including 1 DD),
2 W
17 R,
2 W

Combined Coryat: $38,600

[game clues] [game scores] [suggest correction]

Game tape date: 2007-07-30
The J! Archive is created by fans, for fans. Scraping, republication, monetization, and malicious use prohibited; this site may use cookies and collect identifying information. See terms. The Jeopardy! game show and all elements thereof, including but not limited to copyright and trademark thereto, are the property of Jeopardy Productions, Inc. and are protected under law. This website is not affiliated with, sponsored by, or operated by Jeopardy Productions, Inc. Join the discussion at JBoard.tv.